Statistics for Државе на слово М

Click here to take the quiz!

General Stats

  • This quiz has been taken 2 394 times
  • The average score is 11 of 18

Answer Stats

Држава% Correct
Мађарска
86%
Мали
76%
Молдавија
75%
Мадагаскар
74%
Мароко
74%
Малта
72%
Монако
70%
Монголија
69%
Малезија
66%
Маурицијус
64%
Мексико
64%
Мауританија
64%
Малдиви
59%
Мозамбик
54%
Малави
54%
Мјанмар
44%
Микронезија
40%
Маршалска Острва
32%

Score Distribution

Percentile by Number Answered

Percent of People with Each Score

Your Score History

You have not taken this quiz